[Event "Regionalliga SO 1617"]
[Site "Bayern"]
[Date "2017.04.02"]
[Round "8.1"]
[White "Geberl, Hans Walter"]
[Black "Ovsepyan, Arshak"]
[Result "1-0"]
[WhiteElo "2155"]
[BlackElo "2109"]
[PlyCount "59"]
[EventDate "2016.10.16"]
[EventType "team-tourn"]
[EventRounds "9"]
[EventCountry "GER"]
[SourceTitle "EXT 2019"]
[Source "ChessBase"]
[SourceDate "2018.10.10"]
[SourceVersion "1"]
[SourceVersionDate "2018.10.10"]
[SourceQuality "1"]
[WhiteTeam "Ingolstadt"]
[BlackTeam "Graefelfing"]
[WhiteTeamCountry "GER"]
[BlackTeamCountry "GER"]

1. e4 Nf6 2. e5 Nd5 3. d4 d6 4. c4 Nb6 5. exd6 cxd6 6. Nc3 g6 7. Be3 Bg7 8. Rc1 0-0 9. b3 Na6 10. Nf3 Bg4 11. Be2 e5 12. dxe5 Bxe5 13. Nxe5 Bxe2 14. Qxe2 dxe5 15. Bh6 Re8 16. Ne4 f5 17. Bg5 Qc7 18. Nf6+ Kf7 19. c5 Rec8 20. 0-0 Nd7 21. Nxd7 Qxd7 22. Qxe5 Re8 23. Qf6+ Kg8 24. c6 bxc6 25. Rxc6 Nb4 26. Rd6 Qf7 27. Qd4 Re4 28. Qd2 Qb7 29. a3 Nc2 30. f3 1-0

[Event "Regionalliga SO 1617"]
[Site "Bayern"]
[Date "2017.03.19"]
[Round "7.2"]
[White "Geberl, Hans Walter"]
[Black "Huber, Edwin"]
[Result "1-0"]
[WhiteElo "2155"]
[BlackElo "2121"]
[PlyCount "75"]
[EventDate "2016.10.16"]
[EventType "team-tourn"]
[EventRounds "9"]
[EventCountry "GER"]
[SourceTitle "EXT 2019"]
[Source "ChessBase"]
[SourceDate "2018.10.10"]
[SourceVersion "1"]
[SourceVersionDate "2018.10.10"]
[SourceQuality "1"]
[WhiteTeam "Ingolstadt"]
[BlackTeam "Ilmmuenster"]
[WhiteTeamCountry "GER"]
[BlackTeamCountry "GER"]

1. e4 c5 2. Nf3 Nc6 3. Bb5 d6 4. 0-0 Bd7 5. Re1 Nf6 6. c3 a6 7. Bf1 Bg4 8. d4 cxd4 9. cxd4 Bxf3 10. gxf3 d5 11. Nc3 e6 12. Be3 Be7 13. Rc1 0-0 14. Kh1 Kh8 15. Bg2 Rc8 16. Na4 Qa5 17. a3 Rfd8 18. b4 Qc7 19. e5 Nd7 20. Bf1 b5 21. Nc5 Nxc5 22. bxc5 Ra8 23. Rb1 Rdb8 24. Bd3 g6 25. Rg1 f5 26. exf6 Bxf6 27. Rg4 Qg7 28. Qf1 Bxd4 29. Qh3 Bxe3 30. Rxg6 Qd7 31. Rxe6 Rf8 32. fxe3 Ne5 33. Bxh7 Rxf3 34. Qh5 Raf8 35. Bg8+ Kxg8 36. Rg1+ Qg7 37. Rxg7+ Kxg7 38. Qg5+ 1-0

[Event "Regionalliga SO 1617"]
[Site "Bayern"]
[Date "2016.12.04"]
[Round "3.1"]
[White "Geberl, Hans Walter"]
[Black "Fogarasi, Tibor"]
[Result "1/2-1/2"]
[WhiteElo "2155"]
[BlackElo "2349"]
[PlyCount "79"]
[EventDate "2016.10.16"]
[EventType "team-tourn"]
[EventRounds "9"]
[EventCountry "GER"]
[SourceTitle "EXT 2019"]
[Source "ChessBase"]
[SourceDate "2018.10.10"]
[SourceVersion "1"]
[SourceVersionDate "2018.10.10"]
[SourceQuality "1"]
[WhiteTeam "Ingolstadt"]
[BlackTeam "Trostberg"]
[WhiteTeamCountry "GER"]
[BlackTeamCountry "GER"]

1. Nf3 Nf6 2. c4 g6 3. Nc3 d5 4. Qa4+ Bd7 5. Qb3 dxc4 6. Qxc4 a6 7. d4 b5 8. Qd3 Bg7 9. e4 c5 10. dxc5 0-0 11. Bf4 b4 12. Nd5 Nxd5 13. exd5 Bxb2 14. Rd1 Bc3+ 15. Bd2 Qa5 16. c6 Nxc6 17. dxc6 Bxc6 18. Bxc3 bxc3 19. Rc1 Bxf3 20. gxf3 Rac8 21. Be2 Rfd8 22. Qe3 c2+ 23. Kf1 Qxa2 24. Kg2 e6 25. Ra1 Qb2 26. Bxa6 Ra8 27. Rhc1 Rd1 28. Rxd1 cxd1Q 29. Rxd1 Rxa6 30. Rd8+ Kg7 31. Qc5 Ra2 32. h4 h5 33. Kh3 Qf6 34. Qf8+ Kh7 35. Kg2 Ra7 36. Qg8+ Kh6 37. Qf8+ Kh7 38. Qg8+ Kh6 39. Qf8+ Kh7 40. Qg8+ 1/2-1/2

[Event "Landesliga Sued 1415"]
[Site "Bayern"]
[Date "2014.10.19"]
[Round "1.2"]
[White "Geberl, Hans Walter"]
[Black "Kostic, Vladimir G"]
[Result "0-1"]
[WhiteElo "2155"]
[BlackElo "2351"]
[PlyCount "92"]
[EventDate "2014.10.19"]
[EventType "team-tourn"]
[EventRounds "9"]
[EventCountry "GER"]
[SourceTitle "EXT 2018"]
[Source "ChessBase"]
[SourceDate "2017.10.13"]
[SourceVersion "1"]
[SourceVersionDate "2017.10.13"]
[SourceQuality "1"]
[WhiteTeam "Ingolstadt"]
[BlackTeam "Muenchen Suedost"]
[WhiteTeamCountry "GER"]
[BlackTeamCountry "GER"]

1. d4 d5 2. c4 c6 3. Nf3 Nf6 4. e3 g6 5. Nc3 Bg7 6. Bd3 0-0 7. 0-0 Bg4 8. h3 Bxf3 9. Qxf3 dxc4 10. Bxc4 Nbd7 11. Rd1 e5 12. Bb3 Qe7 13. dxe5 Nxe5 14. Qe2 Rad8 15. f4 Ned7 16. e4 Nc5 17. e5 Nxb3 18. axb3 Rxd1+ 19. Qxd1 Rd8 20. Qe2 Nd5 21. Nxd5 cxd5 22. Qd3 f6 23. Rxa7 fxe5 24. fxe5 Bxe5 25. Bd2 Bxb2 26. Ra5 Qe5 27. Ra4 Rc8 28. Bf4 Qe6 29. Ra2 Bf6 30. Re2 Qf5 31. Qxf5 gxf5 32. Re6 Rc6 33. Re2 Rb6 34. Kh2 Kf7 35. Re3 d4 36. Rd3 Rc6 37. Bd2 Be5+ 38. Kg1 Ke6 39. Kf2 Kd5 40. Kf3 Rc2 41. g4 fxg4+ 42. hxg4 Rc7 43. Ke2 Ke4 44. Rh3 Bf4 45. Bxf4 Kxf4 46. Rh4 Rd7 0-1

[Event "Landesliga Sued 1314"]
[Site "Bayern"]
[Date "2014.03.16"]
[Round "8.2"]
[White "Jussupow, Alexander"]
[Black "Geberl, Hans Walter"]
[Result "1-0"]
[WhiteElo "2174"]
[BlackElo "2213"]
[PlyCount "97"]
[EventDate "2013.10.13"]
[EventType "team-tourn"]
[EventRounds "9"]
[EventCountry "GER"]
[SourceTitle "EXT 2015"]
[Source "ChessBase"]
[SourceDate "2014.11.20"]
[SourceVersion "1"]
[SourceVersionDate "2014.11.20"]
[SourceQuality "1"]
[WhiteTeam "Krumbach"]
[BlackTeam "Ingolstadt"]
[WhiteTeamCountry "GER"]
[BlackTeamCountry "GER"]

1. d4 c5 2. e3 cxd4 3. exd4 d5 4. Nf3 Nc6 5. c3 Nf6 6. Bf4 Bg4 7. Be2 e6 8. Nbd2 Bd6 9. Bxd6 Qxd6 10. 0-0 0-0 11. Re1 Rab8 12. Ne5 Bxe2 13. Qxe2 b5 14. b4 a5 15. a3 Rfc8 16. Nd3 Nd7 17. Nc5 Nxc5 18. dxc5 Qf4 19. Nf3 d4 20. Nxd4 Nxd4 21. cxd4 Qxd4 22. Rad1 Qc3 23. Rd3 Qc4 24. Qd2 axb4 25. axb4 Ra8 26. Rc1 Qa2 27. Qxa2 Rxa2 28. Rd7 Rb2 29. c6 Ra2 30. Rb7 Kf8 31. g3 Ra6 32. Rd1 Raxc6 33. Rdd7 Rc4 34. Rxf7+ Kg8 35. Rxg7+ Kh8 36. Rxh7+ Kg8 37. Rhe7 Rxb4 38. Rxe6 Rf8 39. Rg6+ Kh8 40. Rgg7 Rf5 41. Rgd7 Kg8 42. Rd8+ Rf8 43. Rxf8+ Kxf8 44. h4 Rb1+ 45. Kg2 Rb2 46. h5 Kg8 47. g4 b4 48. g5 b3 49. h6 1-0

[Event "Landesliga Sued 1314"]
[Site "Bayern"]
[Date "2014.01.19"]
[Round "5.3"]
[White "Geberl, Hans Walter"]
[Black "Kleibel, Uwe"]
[Result "1/2-1/2"]
[WhiteElo "2213"]
[BlackElo "2180"]
[PlyCount "130"]
[EventDate "2013.10.13"]
[EventType "team-tourn"]
[EventRounds "9"]
[EventCountry "GER"]
[SourceTitle "EXT 2015"]
[Source "ChessBase"]
[SourceDate "2014.11.20"]
[SourceVersion "1"]
[SourceVersionDate "2014.11.20"]
[SourceQuality "1"]
[WhiteTeam "Ingolstadt"]
[BlackTeam "Roehrnbach"]
[WhiteTeamCountry "GER"]
[BlackTeamCountry "GER"]

1. d4 d5 2. c4 c6 3. Nf3 e6 4. g3 Nf6 5. Bg2 Bb4+ 6. Bd2 Be7 7. Qc2 0-0 8. 0-0 b6 9. Bf4 Nh5 10. Bc1 f5 11. Ne5 Bb7 12. Nd2 Nf6 13. cxd5 cxd5 14. Ndf3 Ne4 15. Be3 Bd6 16. h4 Nd7 17. Bf4 Ndf6 18. Nd3 Rc8 19. Qa4 Bc6 20. Qa6 h6 21. Rfc1 Nd7 22. Nfe5 Bxe5 23. Nxe5 Nxe5 24. Bxe5 Qd7 25. Qa3 Bb5 26. f3 Nf6 27. Qe3 Kf7 28. Bh3 Rxc1+ 29. Rxc1 Rc8 30. Rxc8 Qxc8 31. Bxf6 Kxf6 32. g4 Qc7 33. f4 fxg4 34. Bxg4 Qd6 35. Kf2 Be8 36. Qe5+ Qxe5 37. dxe5+ Ke7 38. Ke3 h5 39. Bf3 g6 40. Kd4 Bc6 41. f5 exf5 42. Bxd5 Bxd5 43. Kxd5 g5 44. hxg5 h4 45. g6 h3 46. g7 Kf7 47. e6+ Kxg7 48. Kd6 h2 49. e7 h1Q 50. e8Q Qd1+ 51. Kc7 Qc2+ 52. Kb7 Qxb2 53. Qe7+ Kg6 54. Qe6+ Kg5 55. Kxa7 b5 56. Kb6 b4 57. Kb5 Qc3 58. Qe7+ Kf4 59. Qd6+ Ke3 60. Qe6+ Kf4 61. Qd5 Kg4 62. Qd6 b3 63. Qg6+ Kf4 64. Qh6+ Kg4 65. Qg6+ Kf4 1/2-1/2

[Event "Landesliga Sued 1213"]
[Site "Bayern"]
[Date "2012.11.25"]
[Round "3.3"]
[White "Guttenthaler, Franz"]
[Black "Geberl, Hans Walter"]
[Result "0-1"]
[WhiteElo "2192"]
[BlackElo "2184"]
[PlyCount "96"]
[EventDate "2012.10.14"]
[EventType "team-tourn"]
[EventRounds "9"]
[EventCountry "GER"]
[SourceTitle "EXT 2015"]
[Source "ChessBase"]
[SourceDate "2014.11.20"]
[SourceVersion "1"]
[SourceVersionDate "2014.11.20"]
[SourceQuality "1"]
[WhiteTeam "Germering"]
[BlackTeam "Ingolstadt"]
[WhiteTeamCountry "GER"]
[BlackTeamCountry "GER"]

1. d4 d5 2. c4 c6 3. Nf3 Nf6 4. Nbd2 Bf5 5. Nh4 e6 6. Nxf5 exf5 7. Qb3 Qb6 8. c5 Qxb3 9. axb3 Na6 10. Ra4 Nc7 11. b4 Be7 12. Nb3 Ne6 13. e3 Nc7 14. Bd3 g6 15. 0-0 0-0 16. Bd2 a6 17. Na5 Rab8 18. f3 Rfe8 19. Be1 Ne6 20. Bg3 f4 21. Bxf4 Nxf4 22. exf4 Nh5 23. g3 Bf6 24. Nb3 Re3 25. Bc2 Ng7 26. Raa1 Ne6 27. Rfd1 Re2 28. Rac1 b6 29. Rd3 bxc5 30. bxc5 a5 31. Kf1 Rxh2 32. Kg1 Rxc2 33. Rxc2 a4 34. Na5 Nxd4 35. Rcd2 Rb5 36. Nxc6 Nxc6 37. Rxd5 Bxb2 38. Rd6 a3 39. Rxc6 a2 40. Rd1 Bd4+ 41. Kg2 Rb1 42. Ra6 Rxd1 43. Rxa2 Bxc5 44. Kh3 Rd3 45. Rc2 Bd6 46. Kg2 Kg7 47. Kf2 h5 48. Ke2 Rb3 0-1

[Event "Landesliga Sued 1213"]
[Site "Bayern"]
[Date "2012.11.11"]
[Round "2.4"]
[White "Jussupow, Alexander"]
[Black "Geberl, Hans Walter"]
[Result "0-1"]
[WhiteElo "2130"]
[BlackElo "2184"]
[PlyCount "68"]
[EventDate "2012.10.14"]
[EventType "team-tourn"]
[EventRounds "9"]
[EventCountry "GER"]
[SourceTitle "EXT 2015"]
[Source "ChessBase"]
[SourceDate "2014.11.20"]
[SourceVersion "1"]
[SourceVersionDate "2014.11.20"]
[SourceQuality "1"]
[WhiteTeam "Krumbach"]
[BlackTeam "Ingolstadt"]
[WhiteTeamCountry "GER"]
[BlackTeamCountry "GER"]

1. d4 Nf6 2. Nf3 e6 3. Bg5 c5 4. e3 Be7 5. Nbd2 0-0 6. Bd3 Nc6 7. c3 cxd4 8. exd4 Nd5 9. Bxe7 Qxe7 10. Qc2 f5 11. 0-0-0 d6 12. Rhe1 Bd7 13. Bc4 Qd8 14. Bxd5 exd5 15. Qb3 Qa5 16. Kb1 Rab8 17. Ng5 Rf6 18. f4 h6 19. Ngf3 Be8 20. Nf1 Bf7 21. Ne3 Kh8 22. Nh4 Qd8 23. Nhxf5 Na5 24. Qc2 Qd7 25. g4 Re8 26. h4 Re4 27. Qf2 h5 28. Qg3 hxg4 29. Qxg4 Bg6 30. Ka1 Bxf5 31. Qh5+ Bh7 32. Nxd5 Rf5 33. Qf3 Rexf4 34. Nxf4 Nb3+ 0-1

[Event "Landesliga Sued 1112"]
[Site "Bayern"]
[Date "2012.04.15"]
[Round "9.3"]
[White "Schamberger, Alfons"]
[Black "Geberl, Hans Walter"]
[Result "1-0"]
[WhiteElo "2102"]
[BlackElo "2128"]
[PlyCount "115"]
[EventDate "2011.10.02"]
[EventType "team-tourn"]
[EventRounds "9"]
[EventCountry "GER"]
[SourceTitle "EXT 2015"]
[Source "ChessBase"]
[SourceDate "2014.11.20"]
[SourceVersion "1"]
[SourceVersionDate "2014.11.20"]
[SourceQuality "1"]
[WhiteTeam "Sendling"]
[BlackTeam "Ingolstadt"]
[WhiteTeamCountry "GER"]
[BlackTeamCountry "GER"]

1. Nf3 Nf6 2. g3 b5 3. Bg2 Bb7 4. 0-0 c5 5. c4 bxc4 6. Qa4 e6 7. Qxc4 Be7 8. d3 0-0 9. b3 Nc6 10. Bb2 Rc8 11. Nbd2 Qa5 12. Qc3 Qxc3 13. Bxc3 d6 14. Rfd1 Nd5 15. Bb2 Rfd8 16. Nc4 Nc7 17. Rac1 Nb5 18. e3 f6 19. a4 Nc7 20. d4 Na6 21. Kf1 Nab4 22. dxc5 d5 23. Nd6 Bxd6 24. cxd6 Rxd6 25. Kg1 Rd7 26. Nd4 Nxd4 27. Bxd4 Na2 28. Rxc8+ Bxc8 29. Ra1 Nb4 30. Rc1 Ba6 31. Bf1 e5 32. Bxa6 Nxa6 33. Bb2 Rb7 34. Rc3 Nb4 35. Ba3 Na6 36. b4 Kf7 37. b5 Nb8 38. Kf1 Ke6 39. h4 Kf5 40. Ke2 Nd7 41. Bc5 Ke6 42. f3 Rc7 43. Bb4 Rxc3 44. Bxc3 Nb6 45. a5 Na8 46. Kd3 Nc7 47. b6 axb6 48. axb6 Na6 49. f4 Kd6 50. g4 exf4 51. exf4 Nc5+ 52. Kd4 Kc6 53. f5 Nd7 54. b7 Nb8 55. Bb4 Nd7 56. Bf8 g6 57. Be7 Kxb7 58. Kxd5 1-0

[Event "Landesliga Sued 1112"]
[Site "Bayern"]
[Date "2012.02.26"]
[Round "7.3"]
[White "Knitl, Anton"]
[Black "Geberl, Hans Walter"]
[Result "1/2-1/2"]
[WhiteElo "2148"]
[BlackElo "2128"]
[PlyCount "31"]
[EventDate "2011.10.02"]
[EventType "team-tourn"]
[EventRounds "9"]
[EventCountry "GER"]
[SourceTitle "EXT 2015"]
[Source "ChessBase"]
[SourceDate "2014.11.20"]
[SourceVersion "1"]
[SourceVersionDate "2014.11.20"]
[SourceQuality "1"]
[WhiteTeam "Freising"]
[BlackTeam "Ingolstadt"]
[WhiteTeamCountry "GER"]
[BlackTeamCountry "GER"]

1. d4 Nf6 2. Nf3 e6 3. c4 d5 4. Bg5 Be7 5. Nc3 h6 6. Bxf6 Bxf6 7. e3 0-0 8. Rc1 c6 9. Bd3 Nd7 10. 0-0 dxc4 11. Bxc4 e5 12. Ne4 exd4 13. Nxd4 Ne5 14. Bb3 Qe7 15. Qc2 Ng4 16. Nxf6+ 1/2-1/2

[Event "Landesliga Sued 1112"]
[Site "Bayern"]
[Date "2012.01.15"]
[Round "5.4"]
[White "Geberl, Hans Walter"]
[Black "Jussupow, Alexander"]
[Result "1-0"]
[WhiteElo "2128"]
[BlackElo "2155"]
[PlyCount "93"]
[EventDate "2011.10.02"]
[EventType "team-tourn"]
[EventRounds "9"]
[EventCountry "GER"]
[SourceTitle "EXT 2013"]
[Source "ChessBase"]
[SourceDate "2012.11.22"]
[SourceVersion "1"]
[SourceVersionDate "2012.11.22"]
[SourceQuality "1"]
[WhiteTeam "Ingolstadt"]
[BlackTeam "Krumbach"]
[WhiteTeamCountry "GER"]
[BlackTeamCountry "GER"]

1. Nf3 d5 2. g3 Nf6 3. Bg2 Bf5 4. 0-0 e6 5. c4 c6 6. d4 Be7 7. Nc3 0-0 8. Nd2 Nbd7 9. e4 dxe4 10. Ndxe4 Nxe4 11. Nxe4 Nf6 12. Nc3 Qb6 13. d5 Rad8 14. Qe2 cxd5 15. cxd5 Rfe8 16. Be3 Qa5 17. dxe6 Bd3 18. exf7+ Kxf7 19. Qf3 Bxf1 20. Bxf1 Kg8 21. Qxb7 Bc5 22. Bc4+ Kh8 23. Qb5 Qxb5 24. Bxb5 Re5 25. Bxc5 Rxc5 26. Re1 Rb8 27. Bf1 Kg8 28. Re3 Rc7 29. b3 Ng4 30. Re4 Nf6 31. Bc4+ Kf8 32. Re5 Rd8 33. h3 Rd2 34. g4 Rc2 35. Re3 Re7 36. Rf3 Re1+ 37. Kh2 Ke8 38. Bd3 Rcc1 39. Ne2 Rcd1 40. Ng3 h6 41. Bg6+ Kd7 42. Rf4 Kd6 43. Ra4 Nd5 44. Rxa7 Ke5 45. Rxg7 Rd2 46. Rf7 Nf4 47. Rf5+ 1-0

[Event "Landesliga Sued 1112"]
[Site "Bayern"]
[Date "2011.12.11"]
[Round "4.4"]
[White "De Francesco, Klaus"]
[Black "Geberl, Hans Walter"]
[Result "1/2-1/2"]
[WhiteElo "2276"]
[BlackElo "2128"]
[PlyCount "105"]
[EventDate "2011.10.02"]
[EventType "team-tourn"]
[EventRounds "9"]
[EventCountry "GER"]
[SourceTitle "EXT 2013"]
[Source "ChessBase"]
[SourceDate "2012.11.22"]
[SourceVersion "1"]
[SourceVersionDate "2012.11.22"]
[SourceQuality "1"]
[WhiteTeam "Weilheim"]
[BlackTeam "Ingolstadt"]
[WhiteTeamCountry "GER"]
[BlackTeamCountry "GER"]

1. d4 c5 2. d5 e5 3. e4 d6 4. Nc3 g6 5. Bc4 a6 6. a4 Bh6 7. Bxh6 Nxh6 8. Qd2 Ng4 9. h3 Qh4 10. Nf3 Qh6 11. Qe2 Nf6 12. a5 Nh5 13. Qd2 Qf4 14. Qxf4 Nxf4 15. Bf1 Nd7 16. g3 Nh5 17. Na4 Rb8 18. Nd2 Ke7 19. Nc4 f5 20. exf5 gxf5 21. Be2 Nhf6 22. Ne3 Nf8 23. Nb6 f4 24. gxf4 exf4 25. Nxc8+ Rxc8 26. Nf5+ Kd7 27. 0-0-0 Re8 28. Bf3 Re5 29. Nh6 Re8 30. Rhg1 Ng6 31. Ng4 Nxg4 32. Bxg4+ Ke7 33. Rge1+ Kf6 34. Re6+ Rxe6 35. dxe6 Ke7 36. Bf3 Rb8 37. Bd5 b6 38. h4 bxa5 39. h5 Ne5 40. Rg1 Kf6 41. b3 f3 42. h6 Ng6 43. Rg3 Rb4 44. Rxf3+ Rf4 45. Rxf4+ Nxf4 46. Be4 Nxe6 47. Bxh7 Ng5 48. Bg8 Kg6 49. h7 Nxh7 50. Bxh7+ Kxh7 51. c4 Kg6 52. Kd2 Kf5 53. Ke3 1/2-1/2

[Event "Landesliga Sued 1011"]
[Site "Bayern"]
[Date "2010.10.24"]
[Round "2.4"]
[White "Geberl, Hans Walter"]
[Black "Schuetz, Guenter"]
[Result "1-0"]
[WhiteElo "2130"]
[BlackElo "2209"]
[PlyCount "122"]
[EventDate "2010.10.10"]
[EventType "team-tourn"]
[EventRounds "9"]
[EventCountry "GER"]
[SourceTitle "EXT 2012"]
[Source "ChessBase"]
[SourceDate "2011.11.24"]
[SourceVersion "1"]
[SourceVersionDate "2011.11.24"]
[SourceQuality "1"]
[WhiteTeam "Ingolstadt"]
[BlackTeam "Bayern Muenchen III"]
[WhiteTeamCountry "GER"]
[BlackTeamCountry "GER"]

1. Nf3 g6 2. c4 f5 3. Nc3 Nf6 4. g3 Bg7 5. Bg2 d6 6. d4 0-0 7. 0-0 Qe8 8. d5 a5 9. Rb1 Na6 10. a3 Nc5 11. b4 axb4 12. axb4 Nfe4 13. Nxe4 Nxe4 14. Bb2 Qf7 15. Qc2 e5 16. e3 g5 17. Ra1 Rxa1 18. Rxa1 g4 19. Nh4 Ng5 20. Ra8 e4 21. Bf1 Nf3+ 22. Nxf3 gxf3 23. Qd2 Bf6 24. Bxf6 Qxf6 25. c5 Kg7 26. Qc2 Qe5 27. cxd6 Qxd6 28. Qc3+ Kf7 29. Bb5 Rg8 30. Ra1 Bd7 31. Bxd7 Qxd7 32. Rc1 Rd8 33. Qe5 c6 34. d6 Qe6 35. Qf4 Rxd6 36. h3 Rd5 37. g4 Qe5 38. Qg5 fxg4 39. Qxg4 Qg5 40. Rc4 Qxg4+ 41. hxg4 Re5 42. Kh2 Re6 43. Kg3 b6 44. Kf4 Kg6 45. g5 Kh5 46. Rc1 Kg6 47. Rh1 Kg7 48. Kf5 Re7 49. Rh6 Rc7 50. Kxe4 b5 51. Kxf3 c5 52. bxc5 Rxc5 53. Kg4 Rc4+ 54. f4 Re4 55. Kf3 Rc4 56. Rb6 b4 57. e4 Rc3+ 58. Kg4 b3 59. Rb7+ Kg8 60. Kf5 Rf3 61. e5 Rc3 1-0

[Event "Landesliga Sued 0910"]
[Site "Bayern"]
[Date "2010.04.11"]
[Round "9.5"]
[White "Lettl, Gerhard"]
[Black "Geberl, Hans Walter"]
[Result "1/2-1/2"]
[WhiteElo "2021"]
[BlackElo "2130"]
[PlyCount "102"]
[EventDate "2009.10.18"]
[EventType "team-tourn"]
[EventRounds "9"]
[EventCountry "GER"]
[SourceTitle "EXT 2011"]
[Source "ChessBase"]
[SourceDate "2010.11.26"]
[SourceVersion "1"]
[SourceVersionDate "2010.11.26"]
[SourceQuality "1"]
[WhiteTeam "Tegernsee"]
[BlackTeam "Ingolstadt"]
[WhiteTeamCountry "GER"]
[BlackTeamCountry "GER"]

1. e4 d5 2. exd5 Nf6 3. d4 Nxd5 4. c4 Nb6 5. Nf3 g6 6. Be2 Bg7 7. 0-0 0-0 8. h3 Nc6 9. Be3 e5 10. dxe5 Nxe5 11. Nxe5 Bxe5 12. Qc1 Na4 13. Nc3 Nxc3 14. bxc3 Qf6 15. Bg5 Qh8 16. Rb1 Bxc3 17. Rd1 Re8 18. Bf3 c6 19. Rb3 Ba5 20. Qf4 Bc3 21. Rxc3 Qxc3 22. Bf6 Qb4 23. Rd6 Qb1+ 24. Kh2 g5 25. Qxg5+ Qg6 26. Qf4 Bf5 27. g4 Bb1 28. Bd4 Re6 29. Rxe6 Qxe6 30. Qg5+ Bg6 31. h4 h6 32. Qf4 Kh7 33. h5 Bb1 34. Kg2 Rg8 35. a3 Rg5 36. c5 Ba2 37. Be4+ f5 38. Bxf5+ Qxf5 39. Qxf5+ Rxf5 40. gxf5 Bf7 41. Kf3 Bxh5+ 42. Ke4 Kg8 43. Ke5 Kf7 44. Kd6 Be2 45. Kc7 Ba6 46. Kb8 h5 47. Kxa7 h4 48. Kb8 h3 49. Be5 Ke8 50. Kc7 Kf7 51. Kd6 Bc4 1/2-1/2

[Event "Landesliga Sued 0910"]
[Site "Bayern"]
[Date "2009.11.15"]
[Round "2.5"]
[White "Beck, Alexander1111"]
[Black "Geberl, Hans Walter"]
[Result "1-0"]
[WhiteElo "2073"]
[BlackElo "2130"]
[PlyCount "85"]
[EventDate "2009.10.18"]
[EventType "team-tourn"]
[EventRounds "9"]
[EventCountry "GER"]
[SourceTitle "EXT 2011"]
[Source "ChessBase"]
[SourceDate "2010.11.26"]
[SourceVersion "1"]
[SourceVersionDate "2010.11.26"]
[SourceQuality "1"]
[WhiteTeam "Muenchen Zugzwang"]
[BlackTeam "Ingolstadt"]
[WhiteTeamCountry "GER"]
[BlackTeamCountry "GER"]

1. d4 Nf6 2. c4 g6 3. Nc3 d5 4. Bg5 Ne4 5. Bf4 Nxc3 6. bxc3 c5 7. e3 Qa5 8. Qd2 Bg7 9. Nf3 0-0 10. cxd5 cxd4 11. cxd4 Qxd5 12. Rc1 Be6 13. Bc4 Qe4 14. Bd3 Qd5 15. Bc4 Qf5 16. Bd3 Qg4 17. 0-0 Nd7 18. Be4 Nb6 19. Bxb7 Rad8 20. Rc5 Bd5 21. Bxd5 Nxd5 22. Bg3 Qd7 23. Rfc1 Qb7 24. Qa5 a6 25. h3 e6 26. Nd2 Rfe8 27. Rc6 Qb2 28. R6c2 Qb7 29. Rb1 Qa8 30. Nc4 Rc8 31. Rbc1 Bf8 32. Nb6 Rxc2 33. Rxc2 Bb4 34. Qxd5 Qxd5 35. Nxd5 exd5 36. Kf1 Kf8 37. Ke2 a5 38. Kd3 Re6 39. Rc8+ Ke7 40. Rc7+ Ke8 41. f3 f5 42. Rxh7 Rc6 43. Rc7 1-0

[Event "Regionalliga SO 0708"]
[Site "Bayern"]
[Date "2008.03.09"]
[Round "7.2"]
[White "Terzic, Safet"]
[Black "Geberl, Hans Walter"]
[Result "1/2-1/2"]
[WhiteElo "2191"]
[BlackElo "2189"]
[PlyCount "70"]
[EventDate "2007.10.21"]
[EventType "team-tourn"]
[EventRounds "9"]
[EventCountry "GER"]
[SourceTitle "EXT 2009"]
[Source "ChessBase"]
[SourceDate "2008.11.26"]
[SourceVersion "1"]
[SourceVersionDate "2008.11.26"]
[SourceQuality "1"]
[WhiteTeam "Starnberg"]
[BlackTeam "Ingolstadt"]
[WhiteTeamCountry "GER"]
[BlackTeamCountry "GER"]

1. Nf3 Nf6 2. c4 g6 3. Nc3 d5 4. Qa4+ Bd7 5. Qb3 dxc4 6. Qxc4 Bg7 7. Ne5 0-0 8. Nxd7 Nbxd7 9. g3 c6 10. Bg2 e5 11. 0-0 a5 12. b3 Re8 13. Bb2 Qe7 14. a4 Nb6 15. Qd3 e4 16. Qc2 Nbd5 17. Ba3 Nb4 18. Bxb4 axb4 19. Nd1 Ra5 20. Ne3 Rc5 21. Qa2 Nd5 22. Rac1 Nxe3 23. fxe3 h5 24. Qb1 Re5 25. Rc4 h4 26. gxh4 Qxh4 27. Rf4 Qh5 28. Rcxe4 Qxe2 29. Rf2 Qh5 30. Rxb4 Rg5 31. Qf1 Be5 32. h4 Rg4 33. Rxg4 Qxg4 34. Qc4 Qxc4 35. bxc4 Bg3 1/2-1/2

[Event "Regionalliga SO 0708"]
[Site "Bayern"]
[Date "2007.11.25"]
[Round "3.2"]
[White "Geberl, Hans Walter"]
[Black "Gesing, Oliver"]
[Result "1-0"]
[WhiteElo "2189"]
[BlackElo "2126"]
[PlyCount "81"]
[EventDate "2007.10.21"]
[EventType "team-tourn"]
[EventRounds "9"]
[EventCountry "GER"]
[SourceTitle "EXT 2009"]
[Source "ChessBase"]
[SourceDate "2008.11.26"]
[SourceVersion "1"]
[SourceVersionDate "2008.11.26"]
[SourceQuality "1"]
[WhiteTeam "Ingolstadt"]
[BlackTeam "Graefelfing"]
[WhiteTeamCountry "GER"]
[BlackTeamCountry "GER"]

1. Nf3 d5 2. d4 Nf6 3. c4 c6 4. Qc2 g6 5. Bf4 Bg7 6. e3 0-0 7. Nc3 Qa5 8. Bd3 Na6 9. 0-0 Nb4 10. Qe2 Nxd3 11. Qxd3 Bf5 12. Qe2 Bg4 13. cxd5 cxd5 14. Rfc1 Rac8 15. h3 Bxf3 16. Qxf3 Rc4 17. Be5 Rfc8 18. Rd1 Ne4 19. Nxe4 dxe4 20. Qxe4 Bxe5 21. Qxe5 Qxe5 22. dxe5 Rc2 23. b3 b5 24. Rd7 Rb2 25. Rxa7 Rcc2 26. Rf1 Rxa2 27. Rxe7 Rc5 28. e6 fxe6 29. e4 Rac2 30. Rxe6 Kf7 31. Rb6 h5 32. Ra1 Rc1+ 33. Rxc1 Rxc1+ 34. Kh2 Rc5 35. h4 Re5 36. f3 Rc5 37. Kg3 Kg7 38. Kf4 Kf7 39. b4 Rc2 40. g3 Rc3 41. Rxb5 1-0

[Event "Landesliga Sued 0607"]
[Site "Bayern"]
[Date "2007.02.25"]
[Round "6.2"]
[White "Schaefer, Matthias"]
[Black "Geberl, Hans Walter"]
[Result "1-0"]
[WhiteElo "2226"]
[BlackElo "2202"]
[PlyCount "81"]
[EventDate "2006.10.15"]
[EventType "team-tourn"]
[EventRounds "9"]
[EventCountry "GER"]
[SourceTitle "EXT 2008"]
[Source "ChessBase"]
[SourceDate "2007.11.25"]
[SourceVersion "1"]
[SourceVersionDate "2007.11.25"]
[SourceQuality "1"]
[WhiteTeam "Starnberg"]
[BlackTeam "Ingolstadt"]
[WhiteTeamCountry "GER"]
[BlackTeamCountry "GER"]

1. e4 c5 2. Nf3 Nc6 3. Bb5 g6 4. 0-0 Bg7 5. c3 Nf6 6. e5 Nd5 7. d4 cxd4 8. cxd4 0-0 9. Nc3 Nxc3 10. bxc3 d6 11. Re1 Bg4 12. exd6 Qxd6 13. h3 Bd7 14. a4 Rfe8 15. Ba3 Qc7 16. d5 Na5 17. Bxe7 Bxb5 18. d6 Qd7 19. axb5 Bxc3 20. Ne5 Rxe7 21. dxe7 Qxe7 22. Re3 Bxe5 23. Qd5 Nc4 24. Qxc4 Qd6 25. Rae1 Bf6 26. Rd3 Qf8 27. Rd7 b6 28. Qc6 Kg7 29. g3 Rd8 30. Red1 Rc8 31. Rc7 Rxc7 32. Qxc7 Qe8 33. Qc6 Qe2 34. Rd7 Qe8 35. Qd5 h5 36. Rxa7 Bc3 37. Kg2 Be1 38. Rd7 Bc3 39. Rc7 Bf6 40. Rb7 h4 41. g4 1-0